• 首页
  • 本馆介绍
  • 公告通知
  • 最新文献
  • 馆藏检索
  • 电子资源
  • 读者导购
  • 参考咨询
  • 我的图书馆
  • 登录
  • 详细信息显示
  • 放入我的书架
  • 预约/预借图书
  • 作者相关作品
  • 分类相关作品
  • 丛书相关作品
  • 出版社相关作品

书目信息

  • 表格格式
  • 工作单格式
  • 卡片格式
题名:
白领是怎样炼成的
    
 
作者: 卞秉彬 著
分册:  
出版信息: 北京   北京师范大学出版社  2007
页数: 133页
开本: 24cm
丛书名:
单 册:
中图分类: B848.4
科图分类:
主题词: 成功心理--通俗读物 , 成功心理
电子资源:
ISBN: 978-7-303-08331-2
000 00814nam0 2200241 45
001 1029844667
005 20100428142719.04
010    @a978-7-303-08331-2@dCNY25.00
100    @a20100419d2007 em y0chiy50 ea
101 0  @achi
102    @aCN@b110000
105    @ay z 000yy
106    @ar
200 1  @a白领是怎样炼成的@ABai Ling Shi Zen Yang Lian Cheng De@f卞秉彬著@FBian Bing Bin Zhu
210    @a北京@c北京师范大学出版社@d2007
215    @a133页@d24cm
330    @a本书切中了"如果跳槽、加薪、升职"这样一些最刺痛现代人神经的敏感话题,给那些在今日商业社会上追求成功的职业白领一些实用的职业思考方法与技术指导。
606 0  @a成功心理@j通俗读物
606 0  @a成功心理
690    @aB848.4@v4
701  0 @a卞秉彬@ABian Bing Bin@4著
801  0 @aCN@bTANGWEI@c20100428
905    @b0593008-12@dB848.4@e1010@f5
    
    白领是怎样炼成的/卞秉彬著.-北京:北京师范大学出版社,2007
    133页;24cm
    
    
    ISBN 978-7-303-08331-2:CNY25.00
    本书切中了"如果跳槽、加薪、升职"这样一些最刺痛现代人神经的敏感话题,给那些在今日商业社会上追求成功的职业白领一些实用的职业思考方法与技术指导。
●
相关链接 在E读中查询图书 在五车中查询图书 在当当中查询图书 在豆瓣中查询图书


正题名:白领是怎样炼成的     索取号:B848.4/1010         预约/预借

序号 登录号 条形码 馆藏地/架位号 状态 备注
1 0593008   205930082   第一样本阅览室/ [索取号:B848.4/1010] 在馆    
2 0593009   205930091   第一借阅区/ [索取号:B848.4/1010] 在馆    
3 0593010   205930108   第一借阅区/ [索取号:B848.4/1010] 在馆    
4 0593011   205930117   第一借阅区/ [索取号:B848.4/1010] 在馆    
5 0593012   205930126   第一借阅区/ [索取号:B848.4/1010] 在馆    
唐山师范学院图书馆 欢迎您!
大连网信软件有限公司© 版权所有